00612nam a2200157Ia 4500003000900000008004100009020002600050020002700076040001600103100002000119245012500139260003200264300002000296490003400316856010400350IN-BaIIA211028s9999 xx s 000 0 eng d a9781510617490 (Print) a9781510617506 (Online) cIIA Library aWei, Zhiyi, ed. 0a2017 International Conference on Optical Instruments and Technology: Advanced Laser Technology and Applicationsh[eBook] aWashington, USAbSPIEc2018 aOnline resource aProceedings of SPIE; V. 10619 uhttps://www.spiedigitallibrary.org/conference-proceedings-of-spie/10619yClick Here to Access eBook